Role of the Logistics in Determining the Size and the Structure of the Transaction Costs in Export Price

Úloha logistiky a nákladnej dopravy pri určovaní veľkosti a štruktúry transakčných nákladov vo vývoznej cene. Výskum založený hlavne na teóriách Coase a Williamsona o tom, že zmluvné náklady sú najväčšími nákladmi v medzinárodného obchodu.

Salvato in:
Dettagli Bibliografici
Autore principale: Minárik, Marek
Altri autori: Pásztorová, Janka, 1960-
Natura: Capitolo di libro
Lingua:inglese
Soggetti:
Tags: Aggiungi Tag
Nessun Tag, puoi essere il primo ad aggiungerne!!

MARC

LEADER 00000naa$a2200000$$$4500
001 0271274
005 20240502083822.7
041 0 |a eng 
044 |a BG 
245 1 0 |a Role of the Logistics in Determining the Size and the Structure of the Transaction Costs in Export Price  |c Marek Minárik, Janka Pásztorová 
520 |a Úloha logistiky a nákladnej dopravy pri určovaní veľkosti a štruktúry transakčných nákladov vo vývoznej cene. Výskum založený hlavne na teóriách Coase a Williamsona o tom, že zmluvné náklady sú najväčšími nákladmi v medzinárodného obchodu. 
610 2 0 |a logistika 
610 2 0 |a ceny vývozné 
610 2 0 |a náklady transakčné 
610 2 0 |a doprava nákladná 
100 1 |a Minárik, Marek 
700 1 |a Pásztorová, Janka, 1960-